| 000 -LEADER |
| fixed length control field |
00709cas a2200229 a 4500 |
| 022 0# - INTERNATIONAL STANDARD SERIAL NUMBER |
| ISSN |
0081-4539 |
| 040 ## - CATALOGING SOURCE |
| Transcribing agency |
IXA |
| 082 00 - DEWEY DECIMAL CLASSIFICATION NUMBER |
| Classification number |
338 FAO 2015 C101 Or. |
| 245 14 - TITLE STATEMENT |
| Title |
The state of food provisioning as social protection |
| 260 ## - PUBLICATION, DISTRIBUTION, ETC. (IMPRINT) |
| Place of publication |
Geneva : |
| Name of publisher |
Food and Agriculture Organization of the United Nations, |
| Year of publication |
1947-1949. |
| 300 ## - PHYSICAL DESCRIPTION |
| Number of Pages |
3 volumes ; |
| Dimensions |
28 cm |
| 500 ## - GENERAL NOTE |
| General note |
Place of publication varies, 1948-1949: Washington, D.C. |
| 500 ## - GENERAL NOTE |
| General note |
Title from cover. |
| 650 #0 - SUBJECT ADDED ENTRY--TOPICAL TERM |
| Topical Term |
Agriculture |
| 650 #0 - SUBJECT ADDED ENTRY--TOPICAL TERM |
| Topical Term |
Agriculture |
| 650 #0 - SUBJECT ADDED ENTRY--TOPICAL TERM |
| Topical Term |
Food supply |
| 650 #7 - SUBJECT ADDED ENTRY--TOPICAL TERM |
| Topical Term |
Agriculture. |
| 650 #7 - SUBJECT ADDED ENTRY--TOPICAL TERM |
| Topical Term |
Agriculture |
| 650 #7 - SUBJECT ADDED ENTRY--TOPICAL TERM |
| Topical Term |
Food supply. |
| 710 2# - ADDED ENTRY--CORPORATE NAME |
| Corporate name or jurisdiction name as entry element |
Food and Agriculture Organization of the United Nations. |
| 942 ## - ADDED ENTRY ELEMENTS (KOHA) |
| Koha item type |
ADB |
| 952 ## - LOCATION AND ITEM INFORMATION (KOHA) |
| Withdrawn status [LOCAL, KOHA] |
0 |